C++ Programming language (Record no. 7909)

MARC details
000 -LEADER
fixed length control field 00294nam a2200121Ia 4500
008 - FIXED-LENGTH DATA ELEMENTS--GENERAL INFORMATION
fixed length control field 191201s2014 xx 000 0 und d
100 ## - MAIN ENTRY--PERSONAL NAME
Personal name STROUSTRUP, B. Jarne
245 #0 - TITLE STATEMENT
Title C++ Programming language
250 ## - EDITION STATEMENT
Edition statement Imp16th
260 ## - PUBLICATION, DISTRIBUTION, ETC. (IMPRINT)
Date of publication, distribution, etc 2014
Name of publisher, distributor, etc pearson
Place of publication, distribution, etc NEW DELHI
300 ## - PHYSICAL DESCRIPTION
Extent 1019
942 ## - ADDED ENTRY ELEMENTS (KOHA)
Source of classification or shelving scheme Dewey Decimal Classification
Koha item type Text Books
Holdings
Withdrawn status Lost status Source of classification or shelving scheme Damaged status Not for loan Collection code Home library Current library Date acquired Source of acquisition Cost, normal purchase price Bill Number Total Checkouts Full call number Acc. no. / Barcode Date last seen Actual Cost, discounted price Bill Date Koha item type Date last borrowed
    Dewey Decimal Classification     BCA PIET C-LIBRARY PIET C-LIBRARY 23/07/2014 Orange Books International 825.00 4540   005.133 STC BC969 04/12/2019 577.50 23/07/2014 Text Books  
    Dewey Decimal Classification     BCA PIET C-LIBRARY PIET C-LIBRARY 23/07/2014 Orange Books International 825.00 4540   005.133 STC BC970 04/12/2019 577.50 23/07/2014 Text Books  
    Dewey Decimal Classification     BCA PIET C-LIBRARY PIET C-LIBRARY 23/07/2014 Orange Books International 825.00 4540 1 005.133 STC BC971 02/04/2024 577.50 23/07/2014 Text Books 29/03/2024

Design & Developed by: PIET Central Library
R70 Miles Stone Pattikalyana Samalkha Panipat 132102
mail ID :- [email protected], Phone No:- 0180-2569700 Ex.216